[Event "Guernsey Challengers 48th"]
[Site "Guernsey"]
[Date "2024.10.15"]
[Round "3"]
[White "Jacobs, Simon"]
[Black "Stinson, William James"]
[Result "1/2-1/2"]
[WhiteElo "1737"]
[BlackElo "1816"]
[PlyCount "49"]
[EventDate "2024.10.13"]
[EventType "swiss"]
[EventRounds "7"]
[EventCountry "GCI"]
[SourceTitle "BritBase"]
[Source "John Saunders"]
[SourceDate "2024.12.27"]
[SourceVersion "1"]
[SourceVersionDate "2024.12.27"]
[SourceQuality "1"]

1. e4 c6 2. d4 d5 3. exd5 cxd5 4. Bd3 Nc6 5. c3 Nf6 6. h3 e6 7. Nf3 Bd6 8. O-O O-O 9. Re1 h6 10. Ne5 Nd7 11. Bf4 Bxe5 12. dxe5 f5 13. Nd2 g5 14. Bh2 Nc5 15. Bc2 d4 16. Qh5 Kg7 17. cxd4 Nxd4 18. Rac1 Nxc2 19. Rxc2 b6 20. Rec1 Nd3 21. Rc7+ Bd7 22. R1c6 Rf7 23. Nc4 Be8 24. Rxf7+ Bxf7 25. Qd1 1/2-1/2

[Event "Guernsey Challengers 48th"]
[Site "Guernsey"]
[Date "2024.10.15"]
[Round "3"]
[White "Murray, J Stephen"]
[Black "Goman, Colin"]
[Result "1/2-1/2"]
[WhiteElo "1805"]
[BlackElo "1716"]
[PlyCount "120"]
[EventDate "2024.10.13"]
[EventType "swiss"]
[EventRounds "7"]
[EventCountry "GCI"]
[SourceTitle "BritBase"]
[Source "John Saunders"]
[SourceDate "2024.12.27"]
[SourceVersion "1"]
[SourceVersionDate "2024.12.27"]
[SourceQuality "1"]

1. e4 c5 2. Be2 Nc6 3. f4 e5 4. d3 d5 5. Nf3 dxe4 6. dxe4 Qxd1+ 7. Bxd1 Bd6 8. fxe5 Nxe5 9. O-O Nxf3+ 10. Bxf3 Be5 11. Nc3 Nf6 12. Nd5 Be6 13. Be3 b6 14. c3 O-O 15. Rad1 Rfe8 16. Rd3 Nxd5 17. exd5 Bf5 18. Rd2 Bxc3 19. bxc3 Rxe3 20. d6 Rd8 21. Bd5 Bg6 22. c4 Kf8 23. Bc6 Re6 24. Rdf2 Rdxd6 25. Bd5 Rf6 26. Re1 Rxf2 27. Kxf2 Rf6+ 28. Kg3 Rd6 29. Re3 Bf5 30. Rb3 Rd7 31. Re3 Rd8 32. Kf4 Be6 33. Bxe6 fxe6 34. Rxe6 Rd4+ 35. Ke5 Rxc4 36. Kd6 Rd4+ 37. Kc6 Rd2 38. Re3 Rxa2 39. Rf3+ Kg8 40. Rd3 h6 41. Rg3 Rf2 42. h3 Rf6+ 43. Kb5 g5 44. Rd3 Rf7 45. g3 Kg7 46. h4 gxh4 47. gxh4 h5 48. Rd5 Kh6 49. Rd6+ Kg7 50. Rd5 Kg6 51. Rg5+ Kh6 52. Rd5 Rf4 53. Rd6+ Kg7 54. Rd7+ Rf7 55. Rd5 Kh6 56. Rd6+ Kg7 57. Rd5 Kg6 58. Rg5+ Kh6 59. Rd5 Rg7 60. Rd6+ Rg6 1/2-1/2

[Event "Guernsey Challengers 48th"]
[Site "Guernsey"]
[Date "2024.10.15"]
[Round "3"]
[White "Harnden, Terry"]
[Black "Reink, Geerhard"]
[Result "0-1"]
[WhiteElo "1724"]
[BlackElo "1803"]
[PlyCount "98"]
[EventDate "2024.10.13"]
[EventType "swiss"]
[EventRounds "7"]
[EventCountry "GCI"]
[SourceTitle "BritBase"]
[Source "John Saunders"]
[SourceDate "2024.12.27"]
[SourceVersion "1"]
[SourceVersionDate "2024.12.27"]
[SourceQuality "1"]

1. e4 c5 2. Nf3 d6 3. d4 cxd4 4. Nxd4 Nf6 5. Nc3 a6 6. f3 e6 7. Be3 Qc7 8. Qd2 Be7 9. O-O-O Nbd7 10. h4 b5 11. b3 Bb7 12. g4 Rc8 13. h5 Qxc3 14. Qxc3 Rxc3 15. Bd2 Rc8 16. g5 Ng8 17. Rg1 g6 18. h6 d5 19. exd5 Bxd5 20. Kb2 Bc5 21. Bc3 b4 22. Be1 a5 23. Bb5 Ne7 24. Rf1 Nf5 25. Nxf5 gxf5 26. f4 Kd8 27. Bf2 Bxf2 28. Rxf2 Ke7 29. Rd4 Nc5 30. Re2 Ne4 31. Re3 Rc7 32. Bc4 Rhc8 33. Bd3 Kf8 34. Re2 Nd6 35. Rd2 Rc5 36. Re2 Nb5 37. Bxb5 Rxb5 38. Re5 Rbc5 39. Rd2 Rc3 40. Re1 Rf3 41. Rd4 Be4 42. Rd2 Rxf4 43. Red1 Rg4 44. Rd8+ Rxd8 45. Rxd8+ Ke7 46. Rc8 f4 47. Rc5 f3 48. Rxa5 f2 49. Ra7+ Ke8 0-1

[Event "Guernsey Challengers 48th"]
[Site "Guernsey"]
[Date "2024.10.15"]
[Round "3"]
[White "Remie, Peter"]
[Black "Bakkes, Frits"]
[Result "0-1"]
[WhiteElo "1773"]
[BlackElo "1676"]
[PlyCount "34"]
[EventDate "2024.10.13"]
[EventType "swiss"]
[EventRounds "7"]
[EventCountry "GCI"]
[SourceTitle "BritBase"]
[Source "John Saunders"]
[SourceDate "2024.12.27"]
[SourceVersion "1"]
[SourceVersionDate "2024.12.27"]
[SourceQuality "1"]

1. e4 c5 2. Nf3 d6 3. d4 cxd4 4. Nxd4 Nc6 5. Nc3 Nf6 6. Be2 g6 7. Be3 Bg7 8. O-O O-O 9. Qd2 Bd7 10. Rfd1 Rc8 11. Bh6 Nxd4 12. Bxg7 Nxe2+ 13. Qxe2 Kxg7 14. Rd3 Qb6 15. Rad1 Bg4 16. Nd5 Bxe2 17. Nxb6 axb6 0-1

[Event "Guernsey Challengers 48th"]
[Site "Guernsey"]
[Date "2024.10.15"]
[Round "3"]
[White "Collins, Alan"]
[Black "Jongerius, Marc"]
[Result "1/2-1/2"]
[WhiteElo "1696"]
[BlackElo "1768"]
[PlyCount "61"]
[EventDate "2024.10.13"]
[EventType "swiss"]
[EventRounds "7"]
[EventCountry "GCI"]
[SourceTitle "BritBase"]
[Source "John Saunders"]
[SourceDate "2024.12.27"]
[SourceVersion "1"]
[SourceVersionDate "2024.12.27"]
[SourceQuality "1"]

1. d4 Nf6 2. Nf3 d5 3. Bf4 Bf5 4. c3 Nbd7 5. h3 h6 6. e3 e6 7. Be2 c5 8. O-O c4 9. Nbd2 Be7 10. Ne5 Nxe5 11. Bxe5 b5 12. Bxf6 Bxf6 13. g4 Bh7 14. f4 Qc7 15. Nf3 Be4 16. Qd2 h5 17. g5 Be7 18. Bd1 f6 19. h4 fxg5 20. hxg5 h4 21. Rf2 O-O-O 22. Ne5 Bd6 23. Bc2 Bxe5 24. fxe5 Qe7 25. Bxe4 dxe4 26. Raf1 h3 27. Rf7 Qxg5+ 28. Kh2 Kb8 29. Rg1 Qh6 30. Rgxg7 Rdf8 31. Rb7+ 1/2-1/2

[Event "Guernsey Challengers 48th"]
[Site "Guernsey"]
[Date "2024.10.15"]
[Round "3"]
[White "Curran, David P"]
[Black "Hill, Jonathan"]
[Result "1-0"]
[WhiteElo "1675"]
[BlackElo "1746"]
[PlyCount "115"]
[EventDate "2024.10.13"]
[EventType "swiss"]
[EventRounds "7"]
[EventCountry "GCI"]
[SourceTitle "BritBase"]
[Source "John Saunders"]
[SourceDate "2024.12.27"]
[SourceVersion "1"]
[SourceVersionDate "2024.12.27"]
[SourceQuality "1"]

1. d4 d5 2. c4 Nf6 3. Nf3 c6 4. Nc3 dxc4 5. g3 Bg4 6. Ne5 Be6 7. Bg2 Nbd7 8. Nf3 Nb6 9. e4 Bg4 10. Bg5 h6 11. Bxf6 exf6 12. O-O Be7 13. Qd2 Qc7 14. a4 a5 15. Qe3 O-O 16. Nd2 Rad8 17. Rfc1 Rfe8 18. Bf1 Be6 19. Ne2 Bb4 20. Nf4 Bxd2 21. Qxd2 Ra8 22. Nxe6 Rxe6 23. f3 Rd6 24. Qf2 Rad8 25. Rd1 R8d7 26. Bh3 Rd8 27. f4 Nd7 28. Bg4 Nc5 29. dxc5 Rxd1+ 30. Rxd1 Rxd1+ 31. Bxd1 Qd7 32. Bc2 g6 33. Qe2 Qd4+ 34. Kg2 Qxc5 35. Qd2 Qb6 36. Qc3 Qd8 37. Kf3 b5 38. b3 cxb3 39. Bxb3 b4 40. Qe3 Qc7 41. Qc5 Qd7 42. Qc4 h5 43. Ke3 Qa7+ 44. Kd3 c5 45. Qd5 Kf8 46. e5 fxe5 47. fxe5 Qe7 48. Qd6 Qxd6+ 49. exd6 Ke8 50. Kc4 Kd7 51. Kxc5 f6 52. Bf7 g5 53. Bxh5 f5 54. Bf7 f4 55. Bd5 b3 56. Bxb3 f3 57. Bc4 f2 58. h4 1-0

[Event "Guernsey Challengers 48th"]
[Site "Guernsey"]
[Date "2024.10.15"]
[Round "3"]
[White "Bennett, David"]
[Black "Flanagan, Keith"]
[Result "0-1"]
[WhiteElo "1615"]
[BlackElo "1645"]
[PlyCount "90"]
[EventDate "2024.10.13"]
[EventType "swiss"]
[EventRounds "7"]
[EventCountry "GCI"]
[SourceTitle "BritBase"]
[Source "John Saunders"]
[SourceDate "2024.12.27"]
[SourceVersion "1"]
[SourceVersionDate "2024.12.27"]
[SourceQuality "1"]

1. Nf3 Nf6 2. d4 e6 3. a3 c5 4. c3 d5 5. Bf4 cxd4 6. cxd4 Nc6 7. e3 Be7 8. Be2 O-O 9. O-O Bd6 10. Be5 Bxe5 11. dxe5 Ng4 12. Nbd2 Ngxe5 13. Nd4 Nxd4 14. exd4 Nc6 15. Nf3 Qf6 16. Bb5 a6 17. Bxc6 bxc6 18. Rc1 Bb7 19. b4 Rfc8 20. Ne5 Qe7 21. Re1 f6 22. Ng4 a5 23. Ra1 axb4 24. axb4 Re8 25. Rb1 Ba6 26. h3 Rab8 27. Qa4 Bb5 28. Qb3 Qd6 29. Re3 h5 30. Nh2 e5 31. Nf3 e4 32. Nh4 Qf4 33. g3 Qd6 34. Qd1 Bd3 35. Qxh5 Bxb1 36. Ng6 Qd7 37. Qh8+ Kf7 38. Qh5 Ke6 39. Nf4+ Kd6 40. Rb3 Bd3 41. Qd1 Bc4 42. Rb2 Ra8 43. Qh5 Rh8 44. Qd1 g5 45. Ng2 Qxh3 0-1

[Event "Guernsey Challengers 48th"]
[Site "Guernsey"]
[Date "2024.10.16"]
[Round "4"]
[White "Finch, Russell"]
[Black "Evans, Barry M"]
[Result "1/2-1/2"]
[WhiteElo "1789"]
[BlackElo "1834"]
[PlyCount "115"]
[EventDate "2024.10.13"]
[EventType "swiss"]
[EventRounds "7"]
[EventCountry "GCI"]
[SourceTitle "BritBase"]
[Source "John Saunders"]
[SourceDate "2024.12.27"]
[SourceVersion "1"]
[SourceVersionDate "2024.12.27"]
[SourceQuality "1"]

1. Nf3 Nf6 2. g3 g6 3. Bg2 Bg7 4. O-O O-O 5. d3 d6 6. Nbd2 c6 7. e4 Qc7 8. Qe2 e5 9. Re1 Re8 10. b3 a5 11. Bb2 c5 12. c4 Nc6 13. h3 h6 14. Kh2 Nh7 15. Nf1 Ne7 16. Ne3 Bd7 17. Nd5 Nxd5 18. cxd5 a4 19. Qc2 Rec8 20. Bc3 Qd8 21. Nd2 b5 22. bxa4 Rxa4 23. Rec1 Rca8 24. Qb3 Ra3 25. Qb1 Qb8 26. Bb2 R3a4 27. a3 Qc8 28. Nf3 Qb7 29. Nd2 Ng5 30. h4 Nh7 31. Rc2 Nf6 32. f3 Nh5 33. Qf1 Qb8 34. Qe2 Qd8 35. Rg1 Bf6 36. Rh1 Be7 37. Nf1 f5 38. Bc1 Bf8 39. Qf2 Nf6 40. Kg1 Qe7 41. Qe2 Kh7 42. Qd2 Qd8 43. Bh3 Qa5 44. Qxa5 R4xa5 45. Rhh2 Be7 46. Kf2 Bd8 47. Ke1 Ra4 48. Ke2 Ng8 49. Bb2 Ne7 50. Nd2 Ba5 51. Nb1 Bc8 52. Nc3 Bxc3 53. Rxc3 b4 54. axb4 Rxb4 55. Kd1 Rab8 56. Kc1 Ba6 57. Ra3 Bc8 58. Ra7 1/2-1/2

[Event "Guernsey Challengers 48th"]
[Site "Guernsey"]
[Date "2024.10.16"]
[Round "4"]
[White "Moyroud, Pierre"]
[Black "Nevska, Gerda"]
[Result "1-0"]
[WhiteElo "1831"]
[BlackElo "1854"]
[PlyCount "95"]
[EventDate "2024.10.13"]
[EventType "swiss"]
[EventRounds "7"]
[EventCountry "GCI"]
[SourceTitle "BritBase"]
[Source "John Saunders"]
[SourceDate "2024.12.27"]
[SourceVersion "1"]
[SourceVersionDate "2024.12.27"]
[SourceQuality "1"]

1. d4 f5 2. Nf3 Nf6 3. g3 b6 4. Bg2 Bb7 5. O-O e6 6. Bf4 Nh5 7. Bg5 Be7 8. Bxe7 Qxe7 9. e3 Nf6 10. Nbd2 O-O 11. Ne5 Bxg2 12. Kxg2 d6 13. Nd3 Nbd7 14. c3 e5 15. dxe5 dxe5 16. Qa4 c5 17. Rad1 e4 18. Nf4 Ne5 19. Nc4 Nd3 20. Nxd3 exd3 21. Nd2 Kh8 22. c4 Qb7+ 23. Kg1 Ne4 24. Qb3 Rad8 25. f3 Ng5 26. h4 Ne6 27. Rf2 Qc7 28. Nf1 Qd6 29. Rfd2 Qc6 30. Kf2 f4 31. gxf4 Rf6 32. Rxd3 Rdf8 33. Rd6 Qe8 34. R6d5 Qe7 35. Rd7 Qe8 36. R1d5 Rh6 37. Qd3 Rxh4 38. f5 Qh5 39. fxe6 Qxf3+ 40. Ke1 Qf2+ 41. Kd1 Qf3+ 42. Kc1 Rh1 43. e7 Rxf1+ 44. Kc2 Rf2+ 45. Kb3 Rg8 46. Rd8 Rxb2+ 47. Ka3 Qf7 48. Rxg8+ 1-0

[Event "Guernsey Challengers 48th"]
[Site "Guernsey"]
[Date "2024.10.16"]
[Round "4"]
[White "Christoffersen, Odd"]
[Black "Dennis, Nigel W"]
[Result "1-0"]
[WhiteElo "1743"]
[BlackElo "1868"]
[PlyCount "55"]
[EventDate "2024.10.13"]
[EventType "swiss"]
[EventRounds "7"]
[EventCountry "GCI"]
[SourceTitle "BritBase"]
[Source "John Saunders"]
[SourceDate "2024.12.27"]
[SourceVersion "1"]
[SourceVersionDate "2024.12.27"]
[SourceQuality "1"]

1. e4 c5 2. Nf3 e6 3. g3 Nc6 4. Bg2 d6 5. O-O Nf6 6. Re1 Be7 7. c3 d5 8. exd5 Nxd5 9. d4 cxd4 10. cxd4 O-O 11. Nc3 Bb4 12. Bd2 Qa5 13. Qb3 Rd8 14. Rad1 Rb8 15. a3 Bxc3 16. bxc3 Qb6 17. Qa2 a6 18. h3 Bd7 19. c4 Nc7 20. Rb1 Qa7 21. Bc3 b5 22. d5 Qa8 23. dxc6 Bxc6 24. Nh4 Bxg2 25. Nxg2 Qc6 26. Be5 bxc4 27. Rbc1 f6 28. Rxc4 1-0

[Event "Guernsey Challengers 48th"]
[Site "Guernsey"]
[Date "2024.10.16"]
[Round "4"]
[White "Newell, David F"]
[Black "Bakkes, Frits"]
[Result "1-0"]
[WhiteElo "1842"]
[BlackElo "1676"]
[PlyCount "47"]
[EventDate "2024.10.13"]
[EventType "swiss"]
[EventRounds "7"]
[EventCountry "GCI"]
[SourceTitle "BritBase"]
[Source "John Saunders"]
[SourceDate "2024.12.27"]
[SourceVersion "1"]
[SourceVersionDate "2024.12.27"]
[SourceQuality "1"]

1. Nf3 d5 2. c4 dxc4 3. e3 Nf6 4. Bxc4 Nc6 5. d4 Bd7 6. Nc3 g6 7. O-O Bg7 8. Re1 O-O 9. h3 e6 10. Bd2 a6 11. a4 Na5 12. Be2 b6 13. b4 Nb7 14. Qb3 a5 15. b5 Nd6 16. Ne5 Nfe4 17. Bc1 Re8 18. Bf3 Nxc3 19. Bxa8 Qxa8 20. Qxc3 Bc8 21. Qxc7 Bb7 22. Qxd6 Bxg2 23. Nc6 Bxh3 24. Qg3 1-0

[Event "Guernsey Challengers 48th"]
[Site "Guernsey"]
[Date "2024.10.16"]
[Round "4"]
[White "Reink, Geerhard"]
[Black "Williams, John A"]
[Result "1-0"]
[WhiteElo "1803"]
[BlackElo "1587"]
[PlyCount "75"]
[EventDate "2024.10.13"]
[EventType "swiss"]
[EventRounds "7"]
[EventCountry "GCI"]
[SourceTitle "BritBase"]
[Source "John Saunders"]
[SourceDate "2024.12.27"]
[SourceVersion "1"]
[SourceVersionDate "2024.12.27"]
[SourceQuality "1"]

1. Nf3 d6 2. g3 Nf6 3. Bg2 g6 4. O-O Bg7 5. d3 O-O 6. c4 Nbd7 7. Nc3 c6 8. Bd2 e5 9. Rb1 Nc5 10. b4 Ne6 11. a4 Nd4 12. Nxd4 exd4 13. Ne4 c5 14. Nxf6+ Qxf6 15. bxc5 dxc5 16. Bxb7 Bxb7 17. Rxb7 Rfb8 18. Qb3 Re8 19. e4 Qf3 20. Bf4 Be5 21. Bxe5 Rxe5 22. Qd1 Qf6 23. Kg2 Re7 24. Qb3 Rc8 25. Rb1 Qd6 26. Qb5 h5 27. h4 f5 28. exf5 gxf5 29. Rxe7 Qxe7 30. Qb7 Rc7 31. Qd5+ Qf7 32. Rb8+ Kh7 33. Qe5 Kg6 34. Re8 f4 35. Re6+ Kh7 36. Rf6 Qg7 37. Qxh5+ Kg8 38. Rg6 1-0

[Event "Guernsey Challengers 48th"]
[Site "Guernsey"]
[Date "2024.10.16"]
[Round "4"]
[White "Stinson, William James"]
[Black "Curran, David P"]
[Result "1/2-1/2"]
[WhiteElo "1816"]
[BlackElo "1675"]
[PlyCount "47"]
[EventDate "2024.10.13"]
[EventType "swiss"]
[EventRounds "7"]
[EventCountry "GCI"]
[SourceTitle "BritBase"]
[Source "John Saunders"]
[SourceDate "2024.12.27"]
[SourceVersion "1"]
[SourceVersionDate "2024.12.27"]
[SourceQuality "1"]

1. d4 Nf6 2. Nf3 e6 3. e3 Be7 4. Bd3 d5 5. O-O b6 6. Nbd2 O-O 7. e4 dxe4 8. Nxe4 Bb7 9. Nxf6+ Bxf6 10. c3 Nd7 11. Re1 g6 12. Bf4 c5 13. Be4 Bxe4 14. Rxe4 Re8 15. d5 exd5 16. Qxd5 Ne5 17. Rxe5 Bxe5 18. Qxd8 Raxd8 19. Bxe5 Re6 20. c4 f6 21. Bc3 Kf7 22. Kf1 g5 23. Re1 Red6 24. Nd2 1/2-1/2

[Event "Guernsey Challengers 48th"]
[Site "Guernsey"]
[Date "2024.10.16"]
[Round "4"]
[White "Poldermans, Daan"]
[Black "Murray, J Stephen"]
[Result "1/2-1/2"]
[WhiteElo "1761"]
[BlackElo "1805"]
[PlyCount "84"]
[EventDate "2024.10.13"]
[EventType "swiss"]
[EventRounds "7"]
[EventCountry "GCI"]
[SourceTitle "BritBase"]
[Source "John Saunders"]
[SourceDate "2024.12.27"]
[SourceVersion "1"]
[SourceVersionDate "2024.12.27"]
[SourceQuality "1"]

1. e4 c5 2. c3 g6 3. d4 cxd4 4. Qxd4 Nf6 5. f3 Nc6 6. Qf2 Bg7 7. Bc4 O-O 8. Na3 d5 9. exd5 Nxd5 10. Bxd5 Qxd5 11. Ne2 Bf5 12. O-O Rad8 13. Nf4 Qd7 14. g4 e5 15. Ng2 Be6 16. Be3 b6 17. Nc2 Qc7 18. a3 Na5 19. Rad1 Nc4 20. Bc1 f5 21. g5 f4 22. h4 Bf5 23. Qe2 b5 24. Rxd8 Rxd8 25. Rd1 Qc5+ 26. Kf1 Rxd1+ 27. Qxd1 Bxc2 28. Qxc2 Qd5 29. Qe2 Bf8 30. Ne1 Bc5 31. Qd3 Qe6 32. Kg2 Nd6 33. Qe2 Nf5 34. Bxf4 Nxh4+ 35. Kh2 Bd6 36. Nd3 Nxf3+ 37. Qxf3 exf4 38. Nxf4 Qf5 39. Qa8+ Qf8 40. Qd5+ Kg7 41. Qd4+ Kg8 42. Qd5+ Kg7 1/2-1/2

[Event "Guernsey Challengers 48th"]
[Site "Guernsey"]
[Date "2024.10.16"]
[Round "4"]
[White "Jongerius, Marc"]
[Black "Jacobs, Simon"]
[Result "1/2-1/2"]
[WhiteElo "1768"]
[BlackElo "1737"]
[PlyCount "50"]
[EventDate "2024.10.13"]
[EventType "swiss"]
[EventRounds "7"]
[EventCountry "GCI"]
[SourceTitle "BritBase"]
[Source "John Saunders"]
[SourceDate "2024.12.27"]
[SourceVersion "1"]
[SourceVersionDate "2024.12.27"]
[SourceQuality "1"]

1. e4 c6 2. d4 d5 3. Nc3 dxe4 4. Nxe4 Nf6 5. Nxf6+ exf6 6. c3 Bd6 7. Bd3 O-O 8. Qc2 Re8+ 9. Ne2 h5 10. O-O h4 11. h3 Nd7 12. Bd2 Nf8 13. Rae1 g6 14. f4 f5 15. Kh1 Nh7 16. Ng1 Nf6 17. Nf3 Rxe1 18. Rxe1 Nh5 19. Ne5 Be6 20. Nxg6 Kh7 21. Ne5 Qf6 22. Ng4 Ng3+ 23. Kh2 Qg7 24. Bc1 Kh8 25. Ne5 Rg8 1/2-1/2

[Event "Guernsey Challengers 48th"]
[Site "Guernsey"]
[Date "2024.10.16"]
[Round "4"]
[White "Goman, Colin"]
[Black "Collins, Alan"]
[Result "1-0"]
[WhiteElo "1716"]
[BlackElo "1696"]
[PlyCount "31"]
[EventDate "2024.10.13"]
[EventType "swiss"]
[EventRounds "7"]
[EventCountry "GCI"]
[SourceTitle "BritBase"]
[Source "John Saunders"]
[SourceDate "2024.12.27"]
[SourceVersion "1"]
[SourceVersionDate "2024.12.27"]
[SourceQuality "1"]

1. d4 d6 2. Nf3 Bg4 3. e3 Nf6 4. Be2 Nbd7 5. O-O e5 6. c4 e4 7. Nfd2 Bxe2 8. Qxe2 c6 9. Nc3 d5 10. cxd5 cxd5 11. Qb5 Qb6 12. Nxd5 Nxd5 13. Qxd5 Nf6 14. Qe5+ Kd8 15. Nxe4 Ng4 16. Qg5+ 1-0

[Event "Guernsey Challengers 48th"]
[Site "Guernsey"]
[Date "2024.10.16"]
[Round "4"]
[White "Flanagan, Keith"]
[Black "Rijsdijk, Peter"]
[Result "1-0"]
[WhiteElo "1645"]
[BlackElo "1858"]
[PlyCount "63"]
[EventDate "2024.10.13"]
[EventType "swiss"]
[EventRounds "7"]
[EventCountry "GCI"]
[SourceTitle "BritBase"]
[Source "John Saunders"]
[SourceDate "2024.12.27"]
[SourceVersion "1"]
[SourceVersionDate "2024.12.27"]
[SourceQuality "1"]

1. e4 c5 2. f4 a6 3. Nf3 d6 4. b3 b6 5. Bb2 Bb7 6. Nc3 e6 7. d4 cxd4 8. Nxd4 Nd7 9. Be2 Ngf6 10. Bf3 e5 11. Nf5 Nc5 12. fxe5 dxe5 13. O-O Qc7 14. Nd5 Nxd5 15. exd5 Nd7 16. c4 Qc5+ 17. Kh1 g6 18. d6 Ra7 19. Bxb7 Rxb7 20. Qf3 Ra7 21. Ng7+ Kd8 22. Qxf7 Qxd6 23. Ne6+ Kc8 24. Qe8+ Kb7 25. Nd8+ Kc7 26. Rad1 Bg7 27. Ne6+ Kc6 28. Rxd6+ Kxd6 29. Rd1+ Kc6 30. Nd8+ Kc7 31. Qxd7+ Kb8 32. Nc6+ 1-0

[Event "Guernsey Challengers 48th"]
[Site "Guernsey"]
[Date "2024.10.16"]
[Round "4"]
[White "Gunn, Michael J"]
[Black "Harnden, Terry"]
[Result "1/2-1/2"]
[WhiteElo "1735"]
[BlackElo "1724"]
[PlyCount "77"]
[EventDate "2024.10.13"]
[EventType "swiss"]
[EventRounds "7"]
[EventCountry "GCI"]
[SourceTitle "BritBase"]
[Source "John Saunders"]
[SourceDate "2024.12.27"]
[SourceVersion "1"]
[SourceVersionDate "2024.12.27"]
[SourceQuality "1"]

1. e4 c5 2. c3 d6 3. d4 cxd4 4. cxd4 Nf6 5. Nc3 a6 6. h3 g6 7. Nf3 Bg7 8. Bd3 O-O 9. O-O Nc6 10. a3 b5 11. d5 Na5 12. Be3 Bd7 13. Rc1 Rc8 14. Nd2 Nb7 15. Nb3 Nc5 16. Nxc5 dxc5 17. e5 Ne8 18. f4 c4 19. Bb1 Qc7 20. Bd4 Qb8 21. g4 Nc7 22. d6 exd6 23. exd6 Ne6 24. Bxg7 Nxg7 25. Ne4 Ne8 26. Qd4 Rc6 27. Rcd1 Qb6 28. Qxb6 Rxb6 29. Rd2 Rc6 30. Rfd1 Kg7 31. Ng3 Nf6 32. Kg2 Rd8 33. g5 Ne8 34. Be4 Rc5 35. Bf3 f6 36. Ne4 Rf5 37. gxf6+ Nxf6 38. Nxf6 Rxf6 39. Kg3 1/2-1/2

[Event "Guernsey Challengers 48th"]
[Site "Guernsey"]
[Date "2024.10.17"]
[Round "5"]
[White "Newell, David F"]
[Black "Moyroud, Pierre"]
[Result "1/2-1/2"]
[WhiteElo "1842"]
[BlackElo "1831"]
[PlyCount "33"]
[EventDate "2024.10.13"]
[EventType "swiss"]
[EventRounds "7"]
[EventCountry "GCI"]
[SourceTitle "BritBase"]
[Source "John Saunders"]
[SourceDate "2024.12.27"]
[SourceVersion "1"]
[SourceVersionDate "2024.12.27"]
[SourceQuality "1"]

1. Nf3 Nf6 2. g3 d5 3. c4 c6 4. b3 Bf5 5. Bg2 e6 6. O-O Bd6 7. Bb2 Nbd7 8. d3 O-O 9. Re1 Qc7 10. Nc3 Rad8 11. cxd5 exd5 12. Rc1 Qb8 13. Qd2 Rfe8 14. Qg5 Bg6 15. Qd2 Ne5 16. Nxe5 Bxe5 17. Na4 1/2-1/2

[Event "Guernsey Challengers 48th"]
[Site "Guernsey"]
[Date "2024.10.17"]
[Round "5"]
[White "Evans, Barry M"]
[Black "Reink, Geerhard"]
[Result "1-0"]
[WhiteElo "1834"]
[BlackElo "1803"]
[PlyCount "41"]
[EventDate "2024.10.13"]
[EventType "swiss"]
[EventRounds "7"]
[EventCountry "GCI"]
[SourceTitle "BritBase"]
[Source "John Saunders"]
[SourceDate "2024.12.27"]
[SourceVersion "1"]
[SourceVersionDate "2024.12.27"]
[SourceQuality "1"]

1. e4 c5 2. c3 Nf6 3. e5 Nd5 4. d4 cxd4 5. Nf3 Nc6 6. cxd4 d6 7. exd6 Qxd6 8. Nc3 Nxc3 9. bxc3 e6 10. Bd3 Be7 11. O-O O-O 12. Ng5 Bxg5 13. Bxg5 Ne7 14. Qh5 Ng6 15. Qf3 Bd7 16. Be3 Bc6 17. Be4 Bxe4 18. Qxe4 b5 19. a4 a6 20. axb5 axb5 21. Rxa8 1-0

[Event "Guernsey Challengers 48th"]
[Site "Guernsey"]
[Date "2024.10.17"]
[Round "5"]
[White "Christoffersen, Odd"]
[Black "Wheat, Bob"]
[Result "1-0"]
[WhiteElo "1743"]
[BlackElo "1798"]
[PlyCount "111"]
[EventDate "2024.10.13"]
[EventType "swiss"]
[EventRounds "7"]
[EventCountry "GCI"]
[SourceTitle "BritBase"]
[Source "John Saunders"]
[SourceDate "2024.12.27"]
[SourceVersion "1"]
[SourceVersionDate "2024.12.27"]
[SourceQuality "1"]

1. e4 c5 2. Nf3 g6 3. g3 Bg7 4. Bg2 e5 5. Nc3 Nc6 6. Nd5 Nge7 7. Nxe7 Qxe7 8. d3 O-O 9. O-O d6 10. Nd2 f5 11. exf5 Bxf5 12. Nc4 Qd7 13. c3 d5 14. Ne3 Be6 15. c4 Ne7 16. Qe1 Rad8 17. Rb1 d4 18. Nd1 Bh3 19. b4 Bxg2 20. Kxg2 cxb4 21. Qxb4 Qc6+ 22. f3 Rd7 23. Rb2 Nf5 24. Qe1 Rdf7 25. Rbf2 h5 26. Qe4 Qf6 27. h4 Bh6 28. Bxh6 Nxh6 29. Re1 Nf5 30. Qd5 Re8 31. f4 Ne3+ 32. Nxe3 dxe3 33. Rxe3 Kg7 34. Rxe5 Rd8 35. Qe4 Rfd7 36. Re6 Qf5 37. Re7+ Kh6 38. Qxf5 gxf5 39. Rxd7 Rxd7 40. Rd2 Kg6 41. Kf2 Kf6 42. d4 Ke6 43. Ke3 Rg7 44. Rg2 Kd6 45. Kd3 b6 46. Kc3 a6 47. Kb4 Re7 48. Rb2 Re4 49. Kc3 Re3+ 50. Kd2 Rxg3 51. Rxb6+ Kc7 52. Rh6 Rg2+ 53. Ke3 Rxa2 54. Rxh5 Ra3+ 55. Kd2 a5 56. Rxf5 1-0

[Event "Guernsey Challengers 48th"]
[Site "Guernsey"]
[Date "2024.10.17"]
[Round "5"]
[White "Remie, Peter"]
[Black "Goman, Colin"]
[Result "1-0"]
[WhiteElo "1773"]
[BlackElo "1716"]
[PlyCount "65"]
[EventDate "2024.10.13"]
[EventType "swiss"]
[EventRounds "7"]
[EventCountry "GCI"]
[SourceTitle "BritBase"]
[Source "John Saunders"]
[SourceDate "2024.12.27"]
[SourceVersion "1"]
[SourceVersionDate "2024.12.27"]
[SourceQuality "1"]

1. d4 g6 2. c4 Bg7 3. Nc3 Nf6 4. Bg5 d6 5. e3 O-O 6. Nf3 c5 7. d5 Re8 8. Be2 Qb6 9. Qc2 Bf5 10. Qb3 Qxb3 11. axb3 a6 12. Nd2 Ng4 13. e4 Bc8 14. h3 Ne5 15. Nb5 Rd8 16. Bxe7 Rd7 17. Bh4 f6 18. O-O g5 19. Bg3 Bf8 20. Bxe5 dxe5 21. Bg4 Rd8 22. Nc7 Ra7 23. Bxc8 Rxc8 24. Ne6 Bd6 25. Rfe1 b6 26. Nf1 a5 27. Ng3 Na6 28. Nf5 Bb8 29. Red1 Nb4 30. d6 Rd7 31. Ne7+ Rxe7 32. dxe7 Kf7 33. Rd8 1-0